| 000 | 00535cam a2200145 4500 | ||
|---|---|---|---|
| 008 | 090112n 000 0 eng u | ||
| 020 | _a086857483X | ||
| 035 | _a(Sirsi) a163577 | ||
| 050 | _aLC 1024.A8 CHI 1993 | ||
| 110 | 1 | _aInstitute of cultural policy studies | |
| 245 |
_aChild and citizen: _b genealogies of schooling and subjectivity/ _c by Institute of cultural policy studies. |
||
| 260 |
_aQueensland : _b Institute for cultural and policy studies, _c1993. |
||
| 300 | _a290p. | ||
| 650 | _aEducation--Humanistic--Austrlia | ||
| 999 |
_c112004 _d112003 |
||